000 00998nac a22002891i 4500
003 EG-ScBUE
005 20240922135519.0
008 240922t2006 njua f b 001 0 eng d
020 _a0131857851
020 _a9780132003063
040 _aEG-ScBUE
_beng
_erda
_cEG-ScBUE
_dEG-ScBUE
082 0 4 _a512.5
_bLEO
_222
100 1 _aLeon, Steven J.,
_eauthor.
245 1 0 _aLinear algebra with applications /
_cSteven J. Leon, University of Massachusetts, Dartmouth.
250 _aSeventh edition.
250 _aPearson international edition.
264 1 _aUpper Saddle River, N.J. :
_bPearson Prentice Hall,
_c[2006]
264 4 _cc2006
300 _axvii, 523 pages :
_billustrations (some color) ;
_c28 cm
336 _2rdacontent
_atext
_btxt
337 _aunmediated
_2rdamedia
_bn
338 _avolume
_bnc
_2rdacarrier
504 _aIncludes bibliographical references and index.
650 7 _aAlgebras, Linear
_vTextbooks.
_2BUEsh
655 _vReading book
942 _cBB
_2ddc
999 _c2013
_d2013